Biblioteka Instytutu Północnego w Olsztynie

Z walk o niepodległość na Górnym Śląsku : (Rekord nr 27365)

Szczegóły MARC
000 -Nagłówek
fixed length control field 01595cam a2200409 i 4500
001 - Nr kontrolny bibl., która utworzyła rek.
control field xx002435167
003 - Siglum bibl., której nr kontr. jest w 001
control field NUKAT
005 - Data i czas ostatniej operacji
control field 20260330224712.0
008 - Elementy pola stałej długości
fixed length control field 120404s1928 pl g |000 0 pol c
035 ## - Systemowy numer kontrolny
systemowy numer kontrolny (OCoLC)804739682
035 ## - Systemowy numer kontrolny
systemowy numer kontrolny (NUKAT)xx002435167
040 ## - Instytucja sporządzająca opis
Instytucja, która sporządziła opis KAT U/AM
język katalgowania-trzyzn. kod pol
zasady opisu rda
Instytucja, która sporządziła rekord KAT U/AMmok
Instytucja, która zmodyfikowała rekord WA U/ZZ
-- OLSZT 008/AL
100 1# - Hasło główne-nazwa osobowa
Nazwa osobowa Borth, Władysław
Daty biograficzne (1892-1968).
rodzaj współpracy Autor
9 (RLIN) 39266
245 10 - Tytuł właściwy i oznaczenie odpow.
tytuł Z walk o niepodległość na Górnym Śląsku :
dodatek do tytułu plebiscyt i powstanie w Król. Hucie /
dod. inf. ze s. tyt./ozn. odpow. Władysław Borth.
260 ## - Adres wydawniczy
miejsce wydania, dystrybucji itp. Katowice :
nazwa wydawcy, dystrybutora itp. Księgarnia i Drukarnia Katolicka,
data wydania, dystrybucji itp. 1928.
300 ## - Opis fizyczny
objętość i/lub forma materiału 56 stron ;
format 22 cm.
336 ## - Content Type
Term Tekst
Code txt
Source rdacontent
337 ## - Media Type
Term Bez urządzenia pośredniczącego
Code n
Source rdamedia
338 ## - Carrier Type
Term Wolumin
Code nc
Source rdacarrier
380 ## - Form of work
Form of work Książki
380 ## - Form of work
Form of work Literatura faktu, eseje, publicystyka
386 ## - Creator/Contributor Characteristics
Demographic group term Przynależność kulturowa
Creator/contributor term Literatura polska
388 1# - TIME PERIOD OF CREATION
Time period of creation term 1901-2000
388 1# - TIME PERIOD OF CREATION
Time period of creation term 1918-1939
600 17 - Hasło przedmiotowe-nazwa osobowa
nazwa osobowa Borth, Władysław
daty biograficzne (1894-1968)
źródło hasła DBN
9 (RLIN) 39268
648 #7 - SUBJECT ADDED ENTRY--CHRONOLOGICAL TERM
Chronological term 1901-2000
Source of heading or term DBN
9 (RLIN) 34996
648 #7 - SUBJECT ADDED ENTRY--CHRONOLOGICAL TERM
Chronological term 1918-1939
Source of heading or term DBN
9 (RLIN) 36041
650 #7 - Hasło przedmiotowe-nazwa pospolita
nazwa pospolita lub geogr. Plebiscyt na Górnym Śląsku (1921)
źródło hasła DBN
9 (RLIN) 39269
650 #7 - Hasło przedmiotowe-nazwa pospolita
nazwa pospolita lub geogr. Powstania śląskie (1919-1921)
źródło hasła DBN
9 (RLIN) 39270
650 #7 - Hasło przedmiotowe-nazwa pospolita
nazwa pospolita lub geogr. Plebiscyt
określnik geograficzny Polska
-- Śląsk, Górny (region).
źródło hasła kaba
9 (RLIN) 223
651 #7 - Hasło przedmiotowe-nazwa geogr.
nazwa geograficzna Chorzów (woj. śląskie)
źródło hasła DBN
9 (RLIN) 39271
651 #7 - Hasło przedmiotowe-nazwa geogr.
nazwa geograficzna Śląsk, Górny (Polska ; region)
określnik chronologiczny 1919-1921.
źródło hasła kaba
9 (RLIN) 210
655 #7 - Termin określający rodzaj/formę
rodzaj/forma Pamiętniki i wspomnienia
źródło terminu DBN
9 (RLIN) 35005
658 ## - Nazwa określająca cel programu nauczania
główny cel programu nauczania Historia
710 2# - Hasło dodatkowe - nazwa ciała zbior.
nazwa ciała zbior. lub nazwa geogr. Księgarnia i Drukarnia Katolicka (Katowice).
rodzaj współpracy Wydawca
kod rodzaju współpracy pbl
9 (RLIN) 39267
942 ## - ADDED ENTRY ELEMENTS (KOHA)
Source of classification or shelving scheme Dewey Decimal Classification
Koha item type pozycje dostępne na miejscu
Egzemplarze
Status wycofania Status zagubienia Klasyfikacja Status uszkodzenia Blokada wypożyczeń Kolekcja Lokalizacja macierzysta Lokalizacja bieżąca Data nabycia Numer akcesji Źródło akcesji Nr inwentarzowy il. wypożyczeń Sygnatura Kod kreskowy Date last seen Price effective from Typ egz.
    Dewey Decimal Classification nieuszkodzona   Pracownia Badań Księgozbiorów Historycznych Biblioteka Instytutu Północnego w Olsztynie Pracownia Badań Księgozbiorów Historycznych 30/03/2026 D-33/1963 dar 15080   15080 IPWK22086 30/03/2026 30/03/2026 pozycje dostępne na miejscu
Biblioteka Instytutu Północnego, ul. Partyzantów 87, 10-402 Olsztyn, email: biblioteka(at)ip.olsztyn.pl